000 00488nmm a2200169Ia 4500
008 251105s9999||||xx |||||||||||||||||und||
020 _a9789681666057
041 _aspa
100 _aHacyan, Shahen
245 0 _aRelatividad para principiantes
264 _a[México D.C., Mexico] :
_bFondo de Cultura Económica,
_c2011
300 _a120 páginas
490 _aLa Ciencia para Todos
650 _aSciences
856 _uhttps://public.digitaliapublishing.com/a/42949
942 _cCF
999 _c96929
_d96929